00956nam a2200217 a 4500001001000000003000900010005001700019007000300036008004100039040002500080082001300105110007700118245022300195260006500418300002000483590002700503910001400530942001300544952016400557999001700721000031526DO-SdBNP20220825144324.0ta110523q195u dr 000 | spa d aDO-SdBNPbspacBNPHU axxxbxxx10aRepública Dominicana.bPresidente (1942-1952 : Trujillo Molina)95716410aDiscurso pronunciado por el generalísimo Dr. Rafael L. Trujillo Molina, Presidente de la República, ante el Congreso Nacional, reunido en la benemérita ciudad de San Cristóbal, el día 27 de febrero de 1952. / aCiudad Trujillo, República Dominicana :b[s. n.],c[1952]. a20 p. ;c23 cm. aInventariado, 2022/ YL aYLockward 2ddccLF2 00102ddc51708DS-FRVaBNPHUbBNPHUcCTd2011-06-27iLF1o p31526-10r2020-06-25w2020-06-25yLF2zPerteneció a la biblioteca personal de Martínez Boog. c31018d31018